Most Gerrymandered U.S. States - Statistics

General Stats
  • This quiz has been taken 43 times
    33 since last reset
  • The average score is 7 of 10
Answer Stats
Favors State % Correct
R Texas
97%
R Florida
87%
D Illinois
87%
R North Carolina
77%
R Georgia
70%
R Ohio
67%
D New York
63%
D Maryland
37%
R Pennsylvania
33%
R Wisconsin
33%
No matching quizzes found
Score Distribution
Percent of People with Each Score
Percentile by Number Answered
Your Score History
You have not taken this quiz since the last reset